01682nam a2200217Ia 4500003000400000005001700004008004100021020001500062040002100077041000800098082002500106100003800131245006600169260003500235300007700270500004300347505043600390520056700826650002901393650004201422OSt20210810153958.0210310t1989 ck ad fr 000 0dspa d a958040867X aCO-JMCRcCO-JMCR0 aspa04a332.632 /bV293e2231 aVarela Villegas, Rodrigo, eautor10aEvaluación económica de inversiones / cRodrigo Varela V. a[Bogotá] : bNorma, c©1989 a512 páginas : bilustraciones y gráficas a blanco y negro ; c24 cm. aIncluye datos biográficos del autor.0 aIntroducción a la evaluación de proyectos -- Equivalencias -- Criterios decisorios -- Evaluación económica y comparación de alternativas que producen el mismo servicio -- Evaluación económica y comparación de alternativas que producen diferente servicio -- Evaluaciones económicas después de impuestos -- Criterios decisorios después de impuestos -- Evaluaciones con dinero prestado -- Evaluaciones especiales3 aEste libro está orientado a presentar el conjunto de conceptos y técnicas cuantitativas de análisis, útiles para la evaluación y comparación económica de alternativas de inversión, relativas a sistemas, productos, servicios, recursos. equipos, etc., para lograr decisiones que seleccionen la mejor o las mejo res posibilidades entre las que se tienen en consideración. Su metodología general, es la de explicar los conceptos mediante ejemplos ilustrativos, dando un gran peso a la interpretación de los resultados y a la toma de decisiones.14aEvaluación económica14aInversionesxEvaluación económica